000 01583nam a2200385Ia 4500
001 ebr10729242
003 CaPaEBR
006 m o u
007 cr cn|||||||||
008 130418s2013 ne sb 001 0 eng d
010 _z 2013012935
020 _z9789004227477 (hardback : alk. paper)
020 _z9789004252509 (ebook)
040 _aCaPaEBR
_cCaPaEBR
035 _a(OCoLC)852655593
050 1 4 _aDJ285
_b.K53 2013eb
082 0 4 _a940.3/25492
_223
100 1 _aKlinkert, W.
245 1 0 _aDefending neutrality
_h[electronic resource] :
_bthe Netherlands prepares for war, 1900-1925 /
_cby Wim Klinkert.
246 3 _aNetherlands prepares for war, 1900-1925
260 _aLeiden :
_bBrill,
_c2013.
300 _aviii, 328 p.
490 0 _aHistory of warfare,
_x1385-7827 ;
_vvol. 90
504 _aIncludes bibliographical references and index.
533 _aElectronic reproduction.
_bPalo Alto, Calif. :
_cebrary,
_d2013.
_nAvailable via World Wide Web.
_nAccess may be limited to ebrary affiliated libraries.
650 0 _aNeutrality
_zNetherlands
_xHistory
_y20th century.
650 0 _aNeutrality, Armed
_zNetherlands
_xHistory
_y20th century.
650 0 _aWorld War, 1914-1918
_xInfluence.
650 0 _aWorld War, 1914-1918
_zNetherlands.
651 0 _aNetherlands
_xHistory, Military
_y20th century.
651 0 _aNetherlands
_xMilitary policy.
655 7 _aElectronic books.
_2local
710 2 _aebrary, Inc.
856 4 0 _uhttp://site.ebrary.com/lib/rucke/Doc?id=10729242
_zAn electronic book accessible through the World Wide Web; click to view
999 _c151658
_d151658